| 000 | 01145nam a2200325Ia 4500 | ||
|---|---|---|---|
| 003 | OSt | ||
| 005 | 20221007123129.0 | ||
| 006 | a|||||r|||| 00| 0 | ||
| 007 | ta | ||
| 008 | 221006b |||||||| |||| 00| 0 eng d | ||
| 020 | _a9789402409598 (hbk) | ||
| 024 | _a199637 | ||
| 037 |
_b9022, 12/03/2019, The Book Seller _cTextual |
||
| 040 |
_aPAPL _cPAPL _beng |
||
| 041 |
_2eng _aeng |
||
| 082 | _aB6:3, Q7 Carpa | ||
| 100 |
_aRudolph Gerd _9716563 |
||
| 245 | 0 |
_aDifferential geomentry and mathematical physics _b Schmidt Mattias |
|
| 260 |
_aDordrecht _bSpringer _c2017 |
||
| 300 |
_axv, 830p. ill. _ccm. |
||
| 490 |
_vPt.2Fibre bundles, topology and gauge fields _aTheoretical and mathematical physics |
||
| 500 | _aAppendix A-G 759-787p.; References 789-813p.; Index 815-830p. | ||
| 650 |
_a Fibre bundles _9716564 |
||
| 650 |
_a Gauge orbit space _9716565 |
||
| 650 |
_a Yang-mills equation _9716566 |
||
| 650 | _aPhysics | ||
| 700 |
_a Schmidt Mattias _9716567 |
||
| 942 |
_hB6:3, Q7 Carpa _cTEXL _2CC |
||
| 999 |
_c1211411 _d1211411 |
||